[Event "POR-ch Seniors"]
[Site "Sao Pedro do Sul"]
[Date "2015.01.15"]
[Round "7"]
[White "Santos, Amadeu Solha"]
[Black "Alves, Fernando Pereira"]
[Result "0-1"]
[WhiteElo "1608"]
[BlackElo "1764"]
[PlyCount "42"]
[EventDate "2015.01.11"]
[EventType "swiss"]
[EventRounds "7"]
[EventCountry "POR"]
[SourceTitle "EXT 2018"]
[Source "ChessBase"]
[SourceDate "2017.10.13"]
[SourceVersion "1"]
[SourceVersionDate "2017.10.13"]
[SourceQuality "1"]

1. b3 e5 2. Bb2 Nc6 3. e3 d5 4. Bb5 Bd6 5. Ne2 Bd7 6. f4 Qe7 7. Bxc6 Bxc6 8. d4 exf4 9. Qd3 Nf6 10. h3 Qxe3 11. Qxe3+ fxe3 12. Bc1 0-0-0 13. Bxe3 Rde8 14. Bf2 Bb5 15. Nbc3 Bb4 16. Kd1 Bxe2+ 17. Nxe2 Ne4 18. Be1 Bxe1 19. Rxe1 Re7 20. Nf4 Rhe8 21. Nxd5 Nc3+ 0-1

[Event "POR-ch Seniors"]
[Site "Sao Pedro do Sul"]
[Date "2015.01.14"]
[Round "5"]
[White "Santos, Amadeu Solha"]
[Black "Brandao, Alvaro"]
[Result "0-1"]
[WhiteElo "1608"]
[BlackElo "1649"]
[PlyCount "108"]
[EventDate "2015.01.11"]
[EventType "swiss"]
[EventRounds "7"]
[EventCountry "POR"]
[SourceTitle "EXT 2018"]
[Source "ChessBase"]
[SourceDate "2017.10.13"]
[SourceVersion "1"]
[SourceVersionDate "2017.10.13"]
[SourceQuality "1"]

1. d4 Nf6 2. Bf4 e6 3. e3 b6 4. a3 Bb7 5. Nc3 Nc6 6. Nf3 d6 7. Bb5 a6 8. Ba4 Qe7 9. Bg5 b5 10. Bb3 Qd7 11. Bxf6 gxf6 12. d5 Ne7 13. dxe6 fxe6 14. Qd4 e5 15. Qh4 Qf5 16. 0-0-0 Ng6 17. Qg3 c6 18. Nh4 Nxh4 19. Qxh4 0-0-0 20. e4 Qg5+ 21. Qxg5 fxg5 22. h4 Bh6 23. hxg5 Bxg5+ 24. Kb1 Kc7 25. g3 Rdf8 26. Rh2 Bc8 27. Rf1 Bg4 28. Nd1 h5 29. c4 Be2 30. Re1 Bxc4 31. Bxc4 bxc4 32. Ne3 h4 33. Nf5 hxg3 34. Rxh8 Rxh8 35. fxg3 Rf8 36. Rh1 d5 37. exd5 Rxf5 38. dxc6 Kxc6 39. Rh5 Rf1+ 40. Ka2 Bf6 41. g4 e4 42. Rh6 Kb5 43. Rh5+ Kb6 44. Rh6 Rf2 45. a4 Rxb2+ 46. Ka3 Rb3+ 47. Ka2 Rf3 48. g5 Rf2+ 49. Ka3 Kc5 50. Rxf6 Rxf6 51. gxf6 Kd6 52. Kb4 e3 53. Kc3 Ke6 54. Kc2 Kxf6 0-1

[Event "EU-ch Seniors 65 Blitz"]
[Site "Porto"]
[Date "2014.03.21"]
[Round "8"]
[White "Santos, Amadeu Solha"]
[Black "Kozlovskaya, Valentina"]
[Result "0-1"]
[WhiteElo "1622"]
[BlackElo "2181"]
[PlyCount "46"]
[EventDate "2014.03.21"]
[EventType "swiss (blitz)"]
[EventRounds "9"]
[EventCountry "POR"]
[SourceTitle "EXT 2015"]
[Source "ChessBase"]
[SourceDate "2014.11.20"]
[SourceVersion "1"]
[SourceVersionDate "2014.11.20"]
[SourceQuality "1"]

1. b3 e5 2. Bb2 Nc6 3. e3 d5 4. Bb5 Bd6 5. f4 Qe7 6. Nf3 Bg4 7. h3 Bxf3 8. Qxf3 Nf6 9. Nc3 exf4 10. Nxd5 Nxd5 11. Qxd5 0-0 12. Bxc6 bxc6 13. Qf3 fxe3 14. Qxe3 Bg3+ 15. Ke2 Qh4 16. Rhf1 Rfe8 17. Bd4 Rxe3+ 18. Bxe3 Re8 19. Rf3 Be5 20. Raf1 Bf6 21. Kd1 Qh5 22. Kc1 Qa5 23. a4 Qb4 0-1

[Event "EU-ch Seniors 65 Blitz"]
[Site "Porto"]
[Date "2014.03.21"]
[Round "7"]
[White "Santos, Julio Fernandes"]
[Black "Santos, Amadeu Solha"]
[Result "1-0"]
[WhiteElo "1935"]
[BlackElo "1622"]
[PlyCount "74"]
[EventDate "2014.03.21"]
[EventType "swiss (blitz)"]
[EventRounds "9"]
[EventCountry "POR"]
[SourceTitle "EXT 2015"]
[Source "ChessBase"]
[SourceDate "2014.11.20"]
[SourceVersion "1"]
[SourceVersionDate "2014.11.20"]
[SourceQuality "1"]

1. e4 e5 2. Nf3 Nc6 3. Bb5 d6 4. h3 Nf6 5. Qe2 Bd7 6. c3 Be7 7. d3 a6 8. Ba4 b5 9. Bb3 Be6 10. Nbd2 d5 11. exd5 Nxd5 12. Bxd5 Qxd5 13. Qe4 Qxe4+ 14. dxe4 0-0 15. 0-0 Bf6 16. Re1 Rad8 17. Nf1 Bc4 18. Ne3 Bd3 19. Nd5 Ne7 20. Nxf6+ gxf6 21. Bh6 Rfe8 22. g4 Ng6 23. Re3 Bc4 24. a3 Rd3 25. Kg2 Nf4+ 26. Bxf4 exf4 27. Rxd3 Bxd3 28. Nd4 Bxe4+ 29. Kh2 Bd3 30. f3 Re3 31. b4 Bc4 32. Rc1 Kg7 33. Kg2 Kg6 34. h4 h5 35. gxh5+ Kxh5 36. Rh1 Rxc3 37. Kf2 Rxa3 1-0

[Event "EU-ch Seniors 65 Blitz"]
[Site "Porto"]
[Date "2014.03.21"]
[Round "4"]
[White "Werner, Clemens"]
[Black "Santos, Amadeu Solha"]
[Result "1-0"]
[WhiteElo "2330"]
[BlackElo "1622"]
[PlyCount "83"]
[EventDate "2014.03.21"]
[EventType "swiss (blitz)"]
[EventRounds "9"]
[EventCountry "POR"]
[SourceTitle "EXT 2015"]
[Source "ChessBase"]
[SourceDate "2014.11.20"]
[SourceVersion "1"]
[SourceVersionDate "2014.11.20"]
[SourceQuality "1"]

1. e4 e5 2. Bc4 h6 3. Nf3 d6 4. d4 Nc6 5. dxe5 dxe5 6. Qxd8+ Kxd8 7. Bxf7 Nf6 8. 0-0 Nxe4 9. Re1 Ng5 10. Nxg5 hxg5 11. Bxg5+ Be7 12. Bxe7+ Kxe7 13. Bd5 Kf6 14. Bxc6 bxc6 15. Nc3 Rh5 16. Ne4+ Kg6 17. Rad1 Bf5 18. Ng3 Rg5 19. Nxf5 Rxf5 20. Rd7 Raf8 21. f3 R8f7 22. Rxf7 Kxf7 23. Kf2 g5 24. Re4 Ke6 25. Ke3 Kd5 26. Ra4 Rf4 27. Rxf4 exf4+ 28. Kd3 a5 29. g3 Ke5 30. a4 Kd5 31. gxf4 gxf4 32. h4 Ke5 33. h5 Kf6 34. Ke4 Kg5 35. h6 Kxh6 36. Kxf4 Kg6 37. Ke5 Kf7 38. f4 Ke7 39. c3 Kf7 40. b4 axb4 41. cxb4 Ke7 42. f5 1-0

[Event "EU-ch Seniors 65 14th"]
[Site "Porto"]
[Date "2014.03.17"]
[Round "9"]
[White "Santos, Amadeu Solha"]
[Black "Alves, Fernando Pereira"]
[Result "0-1"]
[WhiteElo "1636"]
[BlackElo "1802"]
[PlyCount "54"]
[EventDate "2014.03.09"]
[EventType "swiss"]
[EventRounds "9"]
[EventCountry "POR"]
[SourceTitle "CBM 159 Extra"]
[Source "ChessBase"]
[SourceDate "2014.04.24"]
[SourceVersion "1"]
[SourceVersionDate "2014.04.24"]
[SourceQuality "1"]

1. b3 c5 2. Bb2 Nc6 3. e3 e5 4. Bb5 d6 5. d4 Qa5+ 6. Nc3 Bd7 7. Qd2 cxd4 8. exd4 Nf6 9. d5 Nd4 10. Bxd7+ Nxd7 11. Nge2 Nxe2 12. Qxe2 Be7 13. Qb5 Qc7 14. 0-0-0 0-0 15. Ne4 Rfc8 16. Qd3 a6 17. Rd2 Nc5 18. Nxc5 Qxc5 19. Qg3 Bd8 20. a3 Rc7 21. f4 f6 22. fxe5 fxe5 23. Rf1 Rf7 24. Rxf7 Kxf7 25. Rf2+ Bf6 26. b4 Qc4 27. Qg4 Qxg4 0-1

[Event "EU-ch Seniors 65 14th"]
[Site "Porto"]
[Date "2014.03.16"]
[Round "8"]
[White "Santos, Amadeu Solha"]
[Black "Antao, Jorge"]
[Result "1-0"]
[WhiteElo "1636"]
[BlackElo "1873"]
[PlyCount "89"]
[EventDate "2014.03.09"]
[EventType "swiss"]
[EventRounds "9"]
[EventCountry "POR"]
[SourceTitle "CBM 159 Extra"]
[Source "ChessBase"]
[SourceDate "2014.04.24"]
[SourceVersion "1"]
[SourceVersionDate "2014.04.24"]
[SourceQuality "1"]

1. e4 e5 2. Nf3 Nc6 3. Bb5 d6 4. 0-0 Bd7 5. c3 a6 6. Ba4 Nge7 7. Bb3 h6 8. d4 exd4 9. cxd4 Bg4 10. Be3 d5 11. e5 Nf5 12. Nc3 Nfxd4 13. Bxd5 Nxf3+ 14. gxf3 Bh3 15. Qa4 Qd7 16. Bxc6 bxc6 17. Rfc1 Be7 18. Ne2 g5 19. Rxc6 Rd8 20. Nd4 0-0 21. Qc2 f5 22. exf6 Rxf6 23. Rc1 Bd6 24. Qe4 g4 25. f4 Qf7 26. Ne2 Re8 27. Qc4 Kh7 28. Qxf7+ Rxf7 29. Rxa6 Rb8 30. b3 Rb4 31. Ra4 Rb8 32. Ra5 Rd8 33. Rd1 Rfd7 34. Rad5 Kg6 35. Ng3 Kf6 36. f5 Bxg3 37. Rxd7 Rxd7 38. Rxd7 Bd6 39. Bxh6 Kxf5 40. Be3 Ke4 41. Rf7 Kd3 42. Bf4 Kc2 43. Bxd6 cxd6 44. Rf6 d5 45. Rd6 1-0

[Event "EU-ch Seniors 65 14th"]
[Site "Porto"]
[Date "2014.03.11"]
[Round "3"]
[White "Grabow, Pouelsten Holm"]
[Black "Santos, Amadeu Solha"]
[Result "1-0"]
[WhiteElo "2158"]
[BlackElo "1636"]
[PlyCount "55"]
[EventDate "2014.03.09"]
[EventType "swiss"]
[EventRounds "9"]
[EventCountry "POR"]
[SourceTitle "CBM 159 Extra"]
[Source "ChessBase"]
[SourceDate "2014.04.24"]
[SourceVersion "1"]
[SourceVersionDate "2014.04.24"]
[SourceQuality "1"]

1. d4 d5 2. c4 c6 3. cxd5 cxd5 4. Nc3 Nf6 5. Bf4 Bd7 6. Nf3 Qa5 7. Qb3 b6 8. Bd2 e6 9. e3 Bb4 10. Bd3 0-0 11. 0-0 Ba4 12. Qxa4 Qxa4 13. Nxa4 Bxd2 14. Nxd2 Nc6 15. Rac1 Nb4 16. Bb1 Rac8 17. a3 Nc6 18. Bd3 Na5 19. Ba6 Rc6 20. Rxc6 Nxc6 21. Rc1 Na5 22. b4 Nc4 23. Nxc4 dxc4 24. Rxc4 Nd7 25. Rc7 Nb8 26. Rxa7 Nxa6 27. Rxa6 Rc8 28. g3 1-0

[Event "POR-ch Seniors"]
[Site "Torres Vedras"]
[Date "2014.01.15"]
[Round "5"]
[White "Silva, Fernando"]
[Black "Santos, Amadeu Solha"]
[Result "1-0"]
[WhiteElo "2281"]
[BlackElo "1623"]
[PlyCount "69"]
[EventDate "2014.01.12"]
[EventType "swiss"]
[EventRounds "7"]
[EventCountry "POR"]
[SourceTitle "EXT 2015"]
[Source "ChessBase"]
[SourceDate "2014.11.20"]
[SourceVersion "1"]
[SourceVersionDate "2014.11.20"]
[SourceQuality "1"]

1. c4 e5 2. Nc3 Bc5 3. e3 Nc6 4. Nge2 d6 5. g3 Bg4 6. Bg2 Qd7 7. h3 Bh5 8. 0-0 Nf6 9. Nd5 Nxd5 10. cxd5 Ne7 11. d3 f5 12. Qc2 e4 13. dxe4 fxe4 14. g4 Bf7 15. Nc3 h5 16. Qxe4 hxg4 17. Qxg4 0-0-0 18. e4 Qxg4 19. hxg4 Ng6 20. Rd1 Ne5 21. Na4 Nxg4 22. Nxc5 dxc5 23. Bf4 Rhf8 24. Bg3 Bh5 25. Rdc1 Rd7 26. Rxc5 Rdf7 27. Rac1 Nxf2 28. Rxc7+ Rxc7 29. Rxc7+ Kd8 30. Rxb7 Nd3 31. d6 Rf7 32. Rb8+ Kd7 33. Bh3+ Kc6 34. d7 Rxd7 35. Rc8+ 1-0

[Event "POR-ch Seniors"]
[Site "Torres Vedras"]
[Date "2014.01.14"]
[Round "4"]
[White "Santos, Amadeu Solha"]
[Black "Lopes, Carlos Correia"]
[Result "1-0"]
[WhiteElo "1623"]
[BlackElo "1879"]
[PlyCount "93"]
[EventDate "2014.01.12"]
[EventType "swiss"]
[EventRounds "7"]
[EventCountry "POR"]
[SourceTitle "EXT 2015"]
[Source "ChessBase"]
[SourceDate "2014.11.20"]
[SourceVersion "1"]
[SourceVersionDate "2014.11.20"]
[SourceQuality "1"]

1. e4 e5 2. Bc4 Nf6 3. d3 c6 4. a3 d5 5. exd5 cxd5 6. Ba2 h6 7. Nc3 Bc5 8. Qf3 Bg4 9. Qg3 0-0 10. h3 Bh5 11. Bxh6 Bg6 12. Bg5 Qa5 13. Nge2 Bd4 14. Bxf6 Bxc3+ 15. Nxc3 Nd7 16. Be7 Qb6 17. Nxd5 Qxb2 18. 0-0 Rac8 19. Nf6+ Nxf6 20. Qxg6 Qxa2 21. Rxa2 fxg6 22. Bxf8 Kxf8 23. Rb1 Rc7 24. Rb5 Nd7 25. Rd5 Ke7 26. c4 Ke6 27. Re2 Kf6 28. Re4 Nc5 29. Rg4 Rc6 30. f4 e4 31. d4 Nd3 32. c5 e3 33. Kf1 Kf7 34. Rd6 Rc7 35. Rdxg6 Kf8 36. Re6 Nf2 37. Rg3 Nd1 38. Ke2 Nc3+ 39. Kxe3 Rd7 40. Rg5 Nd5+ 41. Kf3 Nf6 42. Rd6 Rf7 43. g4 Nd7 44. Rf5 Rxf5 45. gxf5 Ke7 46. Kg4 Nf6+ 47. Rxf6 1-0

[Event "POR-ch Seniors"]
[Site "Torres Vedras"]
[Date "2014.01.14"]
[Round "3"]
[White "Santos, Amadeu Solha"]
[Black "Videira, Alfredo Batista Men"]
[Result "1-0"]
[WhiteElo "1623"]
[BlackElo "1490"]
[PlyCount "101"]
[EventDate "2014.01.12"]
[EventType "swiss"]
[EventRounds "7"]
[EventCountry "POR"]
[SourceTitle "EXT 2015"]
[Source "ChessBase"]
[SourceDate "2014.11.20"]
[SourceVersion "1"]
[SourceVersionDate "2014.11.20"]
[SourceQuality "1"]

1. b3 Nh6 2. Bb2 f6 3. e3 a6 4. Bd3 Nc6 5. Nc3 Ne5 6. Be4 c6 7. f4 d5 8. fxe5 dxe4 9. exf6 exf6 10. Nxe4 Bg4 11. Nf3 Be7 12. h3 Bf5 13. d3 Qa5+ 14. Bc3 Qc7 15. Nfd2 0-0-0 16. Qf3 Bd7 17. Nc4 b5 18. Ba5 Qb7 19. Nb6+ Kb8 20. Qg3+ Ka7 21. Rf1 Be6 22. a3 Nf5 23. Qf2 Rhe8 24. g4 Nd6 25. Nc5 Qb8 26. Nxe6 Nb7 27. e4 Bc5 28. Nxc5 Nxa5 29. Nbd7 Qc8 30. Na4+ c5 31. Naxc5 Rxd7 32. Nxd7+ Kb7 33. Qb6+ Ka8 34. Qxa5 Qxd7 35. Qxa6+ Kb8 36. Rf5 Re5 37. Rxe5 fxe5 38. Ke2 Qc7 39. Qxb5+ Ka7 40. Qc4 Qe7 41. Rf1 Qxa3 42. Rf7+ Kb6 43. Qc7+ Kb5 44. Qxe5+ Kb6 45. Qc7+ Kb5 46. Qc4+ Kb6 47. Qc7+ Kb5 48. Rf5+ Ka6 49. Qc6+ Ka7 50. Rf7+ Kb8 51. Qe8# 1-0

[Event "POR-ch Seniors"]
[Site "Torres Vedras"]
[Date "2014.01.13"]
[Round "2"]
[White "Assuncao, Jose Manuel Lopes"]
[Black "Santos, Amadeu Solha"]
[Result "1/2-1/2"]
[WhiteElo "1541"]
[BlackElo "1623"]
[PlyCount "172"]
[EventDate "2014.01.12"]
[EventType "swiss"]
[EventRounds "7"]
[EventCountry "POR"]
[SourceTitle "EXT 2015"]
[Source "ChessBase"]
[SourceDate "2014.11.20"]
[SourceVersion "1"]
[SourceVersionDate "2014.11.20"]
[SourceQuality "1"]

1. d4 d5 2. Nf3 Bf5 3. e3 e6 4. c4 c5 5. a3 Nf6 6. Nc3 Bg4 7. Be2 Ne4 8. cxd5 Nxc3 9. bxc3 Qxd5 10. 0-0 c4 11. Qa4+ b5 12. Qc2 Bd6 13. e4 Qh5 14. e5 Bc7 15. Bf4 f6 16. Rfe1 g5 17. Bg3 Nd7 18. exf6 Bxg3 19. fxg3 Nxf6 20. Ne5 Bxe2 21. Qxe2 Qxe2 22. Rxe2 0-0 23. Nc6 Nd5 24. Rc1 a5 25. Rxe6 b4 26. axb4 axb4 27. Nxb4 Nxb4 28. cxb4 Rab8 29. Rxc4 Ra8 30. Re1 Ra2 31. Kh1 Raf2 32. Rg1 Rb8 33. g4 Rb2 34. h3 R2xb4 35. Rxb4 Rxb4 36. Rd1 Kf7 37. Kg1 Ke6 38. Kf2 Kd5 39. Ke3 Rb3+ 40. Rd3 Rb2 41. Kf3 Rc2 42. Ra3 Kxd4 43. Ra7 Rc3+ 44. Kf2 h6 45. Ra6 h5 46. gxh5 Ke5 47. h6 Rc2+ 48. Kg3 Kf5 49. h7 Rc3+ 50. Kh2 Rc8 51. Ra7 Kg6 52. Kg3 Rc3+ 53. Kh2 Rc8 54. Ra5 Rh8 55. Ra7 Rc8 56. Re7 Kf6 57. Rd7 Kg6 58. Rd6+ Kxh7 59. Kg3 Rc4 60. Re6 Ra4 61. Rf6 Kg7 62. Re6 Rf4 63. Re3 Kg6 64. Rf3 Ra4 65. Kh2 Rf4 66. Kg3 Ra4 67. Re3 Rb4 68. Kf2 Kf5 69. g4+ Kf6 70. Rf3+ Kg6 71. Ke3 Ra4 72. Kf2 Rb4 73. Re3 Rb2+ 74. Kf3 Kf6 75. Kg3 Rb4 76. Ra3 Rb5 77. Rf3+ Kg6 78. Rf2 Rb3+ 79. Rf3 Rb5 80. h4 gxh4+ 81. Kxh4 Rb1 82. Kg3 Rg1+ 83. Kf4 Ra1 84. Kg3 Rg1+ 85. Kh4 Rh1+ 86. Kg3 Rg1+ 1/2-1/2

[Event "POR-ch Seniors"]
[Site "Fatima"]
[Date "2013.03.27"]
[Round "6.8"]
[White "Rodrigues, Luis Eugenio"]
[Black "Santos, Amadeu Solha"]
[Result "1-0"]
[WhiteElo "1714"]
[BlackElo "1647"]
[PlyCount "91"]
[EventDate "2013.03.23"]
[EventType "swiss"]
[EventRounds "7"]
[EventCountry "POR"]
[SourceTitle "EXT 2015"]
[Source "ChessBase"]
[SourceDate "2014.11.20"]
[SourceVersion "1"]
[SourceVersionDate "2014.11.20"]
[SourceQuality "1"]

1. e4 e5 2. Nf3 Nc6 3. Bc4 h6 4. 0-0 Bc5 5. c3 Qf6 6. Re1 d6 7. a4 a5 8. d3 Nge7 9. Be3 Bxe3 10. Rxe3 Bg4 11. Qb3 0-0 12. Nbd2 h5 13. h3 Be6 14. Rf1 Qg6 15. Kh1 Kh8 16. Nh2 Bxc4 17. Nxc4 f5 18. Rg3 Qh7 19. Qd1 fxe4 20. dxe4 Qxe4 21. Qxh5+ Kg8 22. Rg4 Qf5 23. Qxf5 Rxf5 24. Ne3 Rf4 25. b3 Raf8 26. Nf3 e4 27. Rxf4 Rxf4 28. Ng5 Nd8 29. g3 Rf6 30. Nxe4 Rh6 31. Kg2 d5 32. Rd1 c6 33. Ng5 Ne6 34. Nxe6 Rxe6 35. h4 Nc8 36. c4 dxc4 37. Nxc4 Na7 38. Rd8+ Kh7 39. Rd7 Nc8 40. Rxb7 Nd6 41. Nxd6 Rxd6 42. Rb6 Rd3 43. Rxc6 Rxb3 44. Ra6 Ra3 45. Rxa5 Rxa4 46. Rxa4 1-0

[Event "POR-chC"]
[Site "Vila Real"]
[Date "2005.08.10"]
[Round "8"]
[White "Barbosa, Francisco Antonio M"]
[Black "Santos, Amadeu Solha"]
[Result "1-0"]
[WhiteElo "1818"]
[BlackElo "1875"]
[PlyCount "51"]
[EventDate "2005.08.03"]
[EventType "swiss"]
[EventRounds "9"]
[EventCountry "POR"]
[SourceTitle "CBM 107 Extra"]
[Source "ChessBase"]
[SourceDate "2005.09.01"]
[SourceVersion "1"]
[SourceVersionDate "2005.09.01"]
[SourceQuality "1"]

1. Nf3 d5 2. d4 Nf6 3. c4 c6 4. Nc3 h6 5. Bf4 Bg4 6. Qb3 Qb6 7. Qxb6 axb6 8. cxd5 cxd5 9. Nb5 Na6 10. e3 Bxf3 11. gxf3 Rc8 12. Bd3 Nb4 13. Kd2 Nd7 14. Rac1 Rxc1 15. Rxc1 e5 16. Rc8+ Ke7 17. dxe5 Nc6 18. Nc3 Ke6 19. Re8+ Ne7 20. a3 Nxe5 21. Bxe5 Kxe5 22. Rb8 Nc6 23. Rxb7 d4 24. f4+ Kf6 25. Ne4+ Kg6 26. Rxb6 1-0

[Event "POR-chC"]
[Site "Vila Real"]
[Date "2005.08.09"]
[Round "7"]
[White "Santos, Amadeu Solha"]
[Black "Pintor, Simao Maciel Abranc"]
[Result "1-0"]
[WhiteElo "1875"]
[BlackElo "1814"]
[PlyCount "143"]
[EventDate "2005.08.03"]
[EventType "swiss"]
[EventRounds "9"]
[EventCountry "POR"]
[SourceTitle "CBM 107 Extra"]
[Source "ChessBase"]
[SourceDate "2005.09.01"]
[SourceVersion "1"]
[SourceVersionDate "2005.09.01"]
[SourceQuality "1"]

1. b3 e5 2. Bb2 Nc6 3. e3 Nf6 4. Nf3 d6 5. h3 g6 6. d4 exd4 7. Nxd4 Ne5 8. Nf3 Nxf3+ 9. Qxf3 Bg7 10. g4 0-0 11. g5 Nh5 12. Bxg7 Kxg7 13. h4 f6 14. Qg2 c6 15. Be2 Qa5+ 16. Nd2 fxg5 17. Bxh5 gxh5 18. Qxg5+ Qxg5 19. hxg5 Kg6 20. f4 Bg4 21. Kf2 Rae8 22. c4 d5 23. Nf3 dxc4 24. bxc4 Re4 25. c5 Rfe8 26. Rhe1 Rf8 27. Rab1 Re7 28. Rb2 Rf5 29. Nh4+ Kf7 30. Nxf5 Bxf5 31. Rd1 h4 32. Rd6 Bg6 33. Rbd2 Be4 34. Rd7 Bd5 35. Rxe7+ Kxe7 36. Kg1 Ke6 37. Rh2 Be4 38. Rd2 Bd5 39. Kh2 Kf5 40. Rb2 b6 41. cxb6 axb6 42. Rxb6 Ke4 43. Rb3 c5 44. Rc3 c4 45. Kh3 Kf3 46. Kxh4 Ke2 47. a4 Kd2 48. e4 Kxc3 49. exd5 Kb3 50. d6 c3 51. d7 c2 52. d8Q c1Q 53. Qd4 Qe1+ 54. Kg4 Qe2+ 55. Kf5 Qc2+ 56. Ke5 Qe2+ 57. Kd6 Qa6+ 58. Ke7 Qb7+ 59. Kf6 Qc6+ 60. Kg7 Qb7+ 61. Kh8 Qf7 62. Qf6 Qe8+ 63. Kxh7 Qh5+ 64. Kg7 Kxa4 65. g6 Qd5 66. f5 Qd7+ 67. Qf7 Qd4+ 68. f6 Qd8 69. Qe7 Qd4 70. Kf8 Qg4 71. g7 Qc8+ 72. Qe8+ 1-0

[Event "POR-chC"]
[Site "Vila Real"]
[Date "2005.08.07"]
[Round "5"]
[White "Santos, Amadeu Solha"]
[Black "Rodrigues, Cesar Andre da Silv"]
[Result "0-1"]
[WhiteElo "1875"]
[BlackElo "1772"]
[PlyCount "98"]
[EventDate "2005.08.03"]
[EventType "swiss"]
[EventRounds "9"]
[EventCountry "POR"]
[SourceTitle "CBM 107 Extra"]
[Source "ChessBase"]
[SourceDate "2005.09.01"]
[SourceVersion "1"]
[SourceVersionDate "2005.09.01"]
[SourceQuality "1"]

1. b3 d5 2. Bb2 Nc6 3. e3 e5 4. Bb5 Bd6 5. f4 Bd7 6. Bxc6 Bxc6 7. fxe5 Bb4 8. Qg4 Bf8 9. e6 f6 10. Ba3 Ne7 11. Nf3 b6 12. Nd4 Bb7 13. Bxe7 Qxe7 14. Nf5 Qc5 15. Nxg7+ Kd8 16. Nf5 Qxc2 17. Qd4 Qxf5 18. Rf1 Qe5 19. Qxe5 fxe5 20. Rf7 Bc8 21. Nc3 Bxe6 22. Rf2 Bb4 23. 0-0-0 Bxc3 24. dxc3 Ke7 25. Kb2 Raf8 26. Rfd2 Rf6 27. Ka3 Rhf8 28. Kb4 Rf2 29. Kb5 Bg4 30. Rxf2 Rxf2 31. Rxd5 Ke6 32. Rd8 Rxg2 33. Kc6 Rxh2 34. Kxc7 Rxa2 35. e4 Ra3 36. Rd6+ Ke7 37. Rd5 Kf6 38. Kd6 Rxb3 39. Rxe5 Rxc3 40. Re8 Rd3+ 41. Kc7 h5 42. e5+ Kf7 43. Rh8 Rd5 44. Kb7 Rxe5 45. Kxa7 b5 46. Ka6 Be2 47. Ka5 Re4 48. Rb8 h4 49. Rh8 b4 0-1